000 01266nam0a22003011 4500
001 v19\rc\1690314
005 20080920135544.9
035 _a(NLR Aleph) 005244444
090 _a5738853
_c5738853
100 _a20061002g18971899|||y0rusy50 ca
101 1 _arus
_cger
102 _aRU
105 _ay z |||||
200 1 _aИстория Греции
_fЮ. Белох
_gПер. с нем. [и предисл.] М. Гершензона. Т. 1-2
210 _aМосква
_cК.Т. Солдатенков
_d1897-1899
215 _a2 т.
_d22
320 _aБиблиогр.: "Источники по истории Александра" (т. 2, с. 525-527) и в примеч.
700 1 _aБелох
_bК. Ю.
_f1854-1929
_gКарл Юлиус
_3RU\NLR\AUTH\770252493
_4070
702 0 _aАлександр Македонский
_cцарь
_f356-323 до н.э.
_3RU\NLR\AUTH\779088
_4570
_7ca
702 1 _aГершензон
_bМ. О.
_f1869-1925
_gМихаил Осипович
_3RU\NLR\AUTH\772760
_4730
_7ca
801 0 _aRU
_bNLR
_c20061002
_gpsbo
801 0 _aRU
_bRuMoRGB
_c20061002
_2psbo
801 1 _aRU
_bProSoft-M
_c20061002
_2rusmarc
801 2 _aRU
_bNLR
_c20080920
_2rusmarc
852 _aNLR
_jИ20/Б-3/2-1
852 _aNLR
_jИ20/Б-5/3
942 _cBOOK
980 _aNB